|
|
|
|
| LEADER |
01487nam a2200397Ia 4500 |
| 001 |
EBC459502 |
| 003 |
MiAaPQ |
| 005 |
20200520144314.0 |
| 006 |
m o d | |
| 007 |
cr cn||||||||| |
| 008 |
061109s2007 dcu sb 001 0 eng d |
| 010 |
|
|
|z 2006037316
|
| 020 |
|
|
|z 9780821368664
|
| 020 |
|
|
|z 0821368664
|
| 020 |
|
|
|a 0821368672 (electronic bk.)
|
| 035 |
|
|
|a (MiAaPQ)EBC459502
|
| 035 |
|
|
|a (Au-PeEL)EBL459502
|
| 035 |
|
|
|a (CaPaEBR)ebr10155144
|
| 035 |
|
|
|a (CaONFJC)MIL72564
|
| 035 |
|
|
|a (OCoLC)80018577
|
| 040 |
|
|
|a MiAaPQ
|c MiAaPQ
|d MiAaPQ
|
| 050 |
|
4 |
|a HC424.Z9
|b I554 2007
|
| 082 |
0 |
4 |
|a 303.48/33095493
|2 22
|
| 100 |
1 |
|
|a Hanna, Nagy K.
|
| 245 |
1 |
0 |
|a From envisioning to designing e-development
|h [electronic resource] :
|b the experience of Sri Lanka /
|c Nagy K. Hanna.
|
| 260 |
|
|
|a Washington, D.C. :
|b World Bank,
|c 2007.
|
| 300 |
|
|
|a xviii, 222 p.
|
| 504 |
|
|
|a Includes bibliographical references and index.
|
| 533 |
|
|
|a Electronic reproduction. Ann Arbor, MI : ProQuest, 2015. Available via World Wide Web. Access may be limited to ProQuest affiliated libraries.
|
| 650 |
|
0 |
|a Information technology
|x Economic aspects
|z Sri Lanka.
|
| 650 |
|
0 |
|a Communication in economic development
|z Sri Lanka.
|
| 650 |
|
0 |
|a Telecommunication
|z Sri Lanka.
|
| 651 |
|
0 |
|a Sri Lanka
|x Economic policy.
|
| 655 |
|
4 |
|a Electronic books.
|
| 710 |
2 |
|
|a ProQuest (Firm)
|
| 856 |
4 |
0 |
|u https://ebookcentral.proquest.com/lib/matrademy/detail.action?docID=459502
|z Click to View
|